Use of natural rubber latex in road construction (Record no. 71871)

MARC details
000 -LEADER
fixed length control field 01172nam a2200181Ia 4500
100 ## - MAIN ENTRY--AUTHOR NAME
Personal name Fernando M J
245 #0 - TITLE STATEMENT
Title Use of natural rubber latex in road construction
260 ## - PUBLICATION, DISTRIBUTION, ETC. (IMPRINT)
Name of publisher Rubber Mitram
Year of publication 2001
300 ## - PHYSICAL DESCRIPTION
Number of Pages 22-31
520 ## - SUMMARY, ETC.
Summary, etc Latex is the most effective form of natural rubber for road construction, both centrifuged latex and revertex being used. The authors found creamed skim latex most effective for road-making. Because of its easy availability, however, field latex is more suitable for road-making in the natural rubber producing countries. Results of laboratory studies concerned the dispersion of rubber particles, temperature-dependent and rheological properties, ageing and stripping of rubberized bitumen and uses of rubber in mix designs. Experimental stretches of road surfacing have been laid with bitumen containing upto 4;field latex. Further test stretches are being laid with rubber-modified pre-mix using field and creamed skim latices.
650 ## - SUBJECT ADDED ENTRY--TOPICAL TERM
Topical Term Bitumen
650 ## - SUBJECT ADDED ENTRY--TOPICAL TERM
Topical Term NR latex
650 ## - SUBJECT ADDED ENTRY--TOPICAL TERM
Topical Term Road construction
650 ## - SUBJECT ADDED ENTRY--TOPICAL TERM
Topical Term Road rubberization
700 ## - ADDED ENTRY--PERSONAL NAME
Personal name Nadarajah M
942 ## - ADDED ENTRY ELEMENTS (KOHA)
Koha item type Journals
Holdings
Withdrawn status Lost status Damaged status Not for loan Home library Current library Shelving location Date acquired Serial Enumeration / chronology Koha item type
      Journals RRII Library RRII Library Rubber general 27/11/2001 Volume 3, Issue 3 Journals